[Event "ICA Players Memorial"]
[Site "Boise, ID"]
[Date "2014.08.23"]
[Round "2.7"]
[White "Sanderson, Kenneth"]
[Black "Zaklan, David Allen"]
[Result "1-0"]
[WhiteElo "1580"]
[BlackElo "1402"]
[EventRounds "5"]
[EventCountry "USA"]

1. e4 c6 2. d4 d5 3. exd5 cxd5 4. Bd3 Nc6 5. c3 Nf6 6. Bf4 e6 7. Nf3 Bd6 8.
Bxd6 Qxd6 9. O-O O-O 10. Re1 Re8 11. Nbd2 e5 12. Nxe5 Nxe5 13. dxe5 Rxe5 14.
Rxe5 Qxe5 15. Nf3 Qh5 16. Qb3 b6 17. Re1 Bb7 18. Qb5 Ne4 19. Bxe4 dxe4 20.
Qxh5 exf3 21. gxf3 g6 22. Qe5 Bxf3 23. Qf6 Bd5 24. Rd1 Bxa2 25. Rd8+ Rxd8 26.
Qxd8+ Kg7 27. Qc7 Be6 28. Qxa7 b5 29. Qb6 Bc4 30. b3 Bxb3 31. Qxb5 Be6 32. c4
Bxc4 33. Qxc4 h5 34. Kg2 f5 35. h4 Kf6 36. f4 Kg7 37. Qe6 Kh7 38. Kf3 Kg7 39.
Ke3 Kh7 40. Kd4 Kg7 41. Ke5 Kf8 42. Qd7 Kg8 43. Kf6 {#r} 1-0

[Event "ICA Players Memorial"]
[Site "Boise, ID"]
[Date "2014.08.24"]
[Round "4.7"]
[White "Faulkner, Graeme K"]
[Black "Zaklan, David Allen"]
[Result "1-0"]
[WhiteElo "1171"]
[BlackElo "1402"]
[EventRounds "5"]
[EventCountry "USA"]

1. e4 c6 2. Nf3 d5 3. exd5 cxd5 4. d4 Bg4 5. Be2 Nc6 6. c3 Nf6 7. h3 Bf5 8.
Nbd2 e6 9. Nb3 b6 10. Bb5 Rc8 11. Ne5 Qc7 12. Nxc6 Nd7 13. Ne5 Rd8 14. Nxd7
Rxd7 15. Bxd7+ Qxd7 16. Bf4 Be7 17. O-O O-O 18. Qf3 Qb5 19. Qg3 Re8 20. Bh6
Bf8 21. Bf4 a5 22. Bc1 Rc8 23. Nd2 Qc6 24. Nf3 Qb5 25. Nh4 Bc2 26. f4 Be4 27.
f5 Qe2 28. fxe6 fxe6 29. Qf2 Qh5 30. Nf3 Bd6 31. Ng5 Rf8 32. Qe1 Bf5 33. Nxe6
Bxh3 34. Nxf8 Bc8 35. Bf4 Bxf8 36. Qe5 Qg6 37. Qxd5+ Be6 38. Qg5 Qc2 39. Bd6
{#r} 1-0

[Event "Western Idaho Open"]
[Site "Boise, ID"]
[Date "2014.12.13"]
[Round "2.106"]
[White "Sanderson, Kenneth"]
[Black "Zaklan, David Allen"]
[Result "1/2-1/2"]
[WhiteElo "1577"]
[BlackElo "1442"]
[EventRounds "5"]
[EventCountry "USA"]

1. e4 c6 2. d4 d5 3. exd5 cxd5 4. Bd3 Nf6 5. Bf4 Nc6 6. c3 e6 7. Nf3 Be7 8.
Nbd2 O-O 9. Qc2 g6 10. O-O-O Bd7 11. Rdg1 Rc8 12. g4 Nb4 13. Qb1 Qa5 14. Ne5
Nxa2+ 15. Kd1 Rxc3 16. Ke2 Rcc8 17. Nb3 Qa4 18. Bc2 Bb5+ 19. Kf3 Nb4 20. Bd1
Qa6 21. Re1 Nd3 22. Re3 Nxe5+ 23. Bxe5 Ne4 24. Be2 Bxe2+ 25. Rxe2 Qb5 26. Nd2
Ng5+ 27. Ke3 Qb6 28. h4 Ne4 29. Nxe4 dxe4 30. Qxe4 f6 31. Bg3 Rc6 32. Rd1 Rfc8
33. Kf3 f5 34. gxf5 Rf8 35. Kg2 Rxf5 36. Rd3 Qb5 37. Rf3 Bf6 38. Rxf5 Qxf5 39.
Qxf5 gxf5 40. Rd2 Kf7 41. Kh3 Rc4 42. Be5 Bxe5 43. dxe5 Ke7 44. Kg3 h5 45. f3
f4+ 46. Kf2 Rc7 47. Ke1 Rc4 48. Kd1 b5 49. Rg2 a5 50. Rg7+ Kf8 51. Rb7 b4 52.
Kd2 a4 53. Ra7 Rd4+ 54. Kc2 a3 55. bxa3 bxa3 56. Rxa3 Rd5 57. Ra4 Rxe5 58.
Rxf4+ Rf5 59. Re4 Kf7 60. f4 Kf6 61. Kd3 e5 62. fxe5+ Rxe5 63. Rxe5 Kxe5 64.
Ke3 {#d} 1/2-1/2

[Event "Idaho Closed"]
[Site "Twin Falls, ID"]
[Date "2015.02.15"]
[Round "3.6"]
[White "Zaklan, David Allen"]
[Black "Buus, Jarod N"]
[Result "0-1"]
[WhiteElo "1483"]
[BlackElo "1656"]
[EventRounds "6"]
[EventCountry "USA"]

1. d4 d5 2. Nf3 Nf6 3. c4 c6 4. Nbd2 Bf5 5. e3 e6 6. b3 Bb4 7. Be2 Bc3 8. Ba3
Qa5 9. Rc1 Bxd2+ 10. Qxd2 Qxa3 11. O-O Ne4 12. Qc2 Ng3 13. Bd3 Bxd3 14. Qxd3
Nxf1 15. Rxf1 Nd7 16. e4 dxe4 17. Qxe4 Nf6 18. Qh4 Qxa2 19. Qh3 Qxb3 20. g4
O-O-O 21. Qg2 Qxc4 22. Ne5 Qa4 23. Nxf7 Rxd4 {#R} 0-1

[Event "Idaho Closed"]
[Site "Twin Falls, ID"]
[Date "2015.02.15"]
[Round "4.11"]
[White "Shouse, Donald L"]
[Black "Zaklan, David Allen"]
[Result "0-1"]
[WhiteElo "1154"]
[BlackElo "1483"]
[EventRounds "6"]
[EventCountry "USA"]

1. d4 c6 2. Nf3 d5 3. g3 Nf6 4. Bg2 e6 5. e3 Be7 6. Nc3 O-O 7. O-O c5 8. dxc5
Bxc5 9. Ne5 Nc6 10. Nd3 Be7 11. b3 a6 12. Bb2 e5 13. Ne2 Qc7 14. Rb1 Be6 15.
Nc3 Rfd8 16. Re1 Rd7 17. f3 Rad8 18. Rf1 d4 19. Ne4 Nxe4 20. fxe4 f6 21. Qe2
dxe3 22. Rbd1 Nd4 23. Bxd4 exd4 24. Rc1 Ba3 25. Rb1 Rc8 26. Ne1 Bb4 27. Nf3
Bg4 28. Qd3 Qxc2 29. Qxc2 Rxc2 30. Rfc1 d3 31. h3 Bxf3 32. Bxf3 Bc5 33. Kf1
Rf2+ 34. Kg1 Ba7 35. Bg4 Rd8 36. Rd1 Rxa2 37. Be6+ Kf8 38. Kh1 e2 39. Re1 Bf2
40. Rec1 e1=Q+ 41. Rxe1 Bxe1 42. Rxe1 d2 43. Rd1 Rc2 44. Kg2 Rc1 {At this
point the score sheet becomes undecipherable. White appears to resign on move
52. --Roland.} {#R} 0-1

[Event "ICA Spring Open"]
[Site "Pocatello, ID"]
[Date "2015.04.18"]
[Round "2.3"]
[White "Handoko, Richard Timothy"]
[Black "Zaklan, David Allen"]
[Result "0-1"]
[WhiteElo "1446"]
[BlackElo "1481"]
[EventRounds "4"]
[EventCountry "USA"]

1. e4 c6 2. Bc4 d5 3. Bb3 dxe4 4. Qh5 g6 5. Qh4 Nf6 6. f3 exf3 7. Nxf3 Bg7 8.
O-O O-O 9. d4 Bf5 10. Bg5 Nbd7 11. Ne5 a5 12. a4 Qc7 13. Bf4 Qb6 14. Bg5 Nxe5
15. Kh1 Ned7 16. Nd2 Qc7 17. Rae1 e6 18. Nf3 Rae8 19. Bf4 Qc8 20. Bd6 h6 21.
Ne5 Nxe5 22. dxe5 Nd7 23. Bxf8 Rxf8 24. g4 g5 25. Qg3 Bg6 26. h4 Qb8 27. hxg5
Bxe5 28. Rxe5 Qxe5 29. Qxe5 Nxe5 30. gxh6 Nxg4 31. Kg1 Nxh6 32. Rd1 Rb8 33.
Rd7 b5 34. axb5 cxb5 35. c3 Nf5 36. Kf2 Ng7 37. Kf3 Bh5+ 38. Kf4 Nf5 39. Kg5
Bg6 40. Kf6 Nh4 41. Bd1 b4 42. c4 Nf5 43. Ra7 Nd6 44. b3 Ne4+ 45. Ke7 Nc3 46.
Bf3 e5 47. Bb7 e4 48. c5 e3 49. Bf3 e2 50. Bxe2 Nxe2 51. c6 Nf4 52. c7 Nd5+
53. Kd6 Nxc7 54. Kxc7 Rf8 55. Rxa5 f5 56. Kd6 f4 57. Rg5 Kg7 58. Rg1 f3 59.
Rf1 f2 60. Kc5 Bd3 {#R} 0-1

[Event "Idaho Open"]
[Site "Boise, ID"]
[Date "2015.06.20"]
[Round "1.5"]
[White "Zaklan, David"]
[Black "Buus, Jarod N"]
[Result "0-1"]
[WhiteElo "1476"]
[BlackElo "1730"]
[EventRounds "5"]
[EventCountry "USA"]

1. d4 d5 2. c4 c6 3. Nf3 e6 4. Nbd2 Nf6 5. e3 Nbd7 6. Bd3 dxc4 7. Bxc4 b5 8.
Bd3 Bb7 9. O-O a6 10. b3 c5 11. Bb2 Be7 12. Rc1 O-O 13. Ne5 Nxe5 14. dxe5 Qxd3
15. exf6 Qg6 16. Nf3 gxf6 17. Kh1 Rfd8 18. Qe2 Be4 19. Rg1 Bd3 20. Qe1 c4 21.
Nd4 Rac8 22. Qa5 e5 23. Nf3 b4 24. bxc4 Bxc4 25. Bxe5 Rd5 26. Qxd5 Bxd5 27.
Rxc8+ Kg7 28. Bd4 Qf5 29. Rcc1 Bxa2 30. Rc7 Qe6 31. Nh4 Bd8 32. Rc5 Bd5 33.
Rgc1 Bb7 34. Rg5+ Kh6 35. Rg3 Be7 36. Rh3 Qxh3 {#R} 0-1

[Event "Idaho Open"]
[Site "Boise, ID"]
[Date "2015.06.21"]
[Round "4.5"]
[White "Nyblade, Wesley"]
[Black "Zaklan, David"]
[Result "0-1"]
[WhiteElo "1556"]
[BlackElo "1476"]
[EventRounds "5"]
[EventCountry "USA"]

1. Nf3 c6 2. g3 d5 3. Bg2 Nf6 4. O-O Bf5 5. d3 e6 6. Nh4 Bg4 7. Nf3 Nbd7 8.
Re1 Be7 9. Nbd2 O-O 10. b3 Qc7 11. Bb2 Bd6 12. e4 Ne5 13. Qc1 Nfd7 14. Nxe5
Nxe5 15. d4 Ng6 16. e5 Be7 17. f3 Bf5 18. g4 Bxg4 19. fxg4 Bg5 20. Qd1 c5 21.
Nf3 Bf4 22. Kh1 cxd4 23. Bxd4 Rac8 24. c3 Qe7 25. b4 Rc7 26. Bc5 Rxc5 27. bxc5
Qxc5 28. Qd4 Qc7 29. Re2 Rc8 30. Rae1 Qa5 31. Qb4 Qc7 32. Qd4 Qa5 33. Rc2 Rc4
34. Qd3 Qc7 35. Qe2 Re4 36. Qd3 Rxe1+ 37. Nxe1 Nxe5 38. h3 Nxd3 39. Nxd3 Bd6
40. Nb2 b5 41. Bf1 a6 42. Bd3 g6 43. h4 Qb7 44. Kg1 Bc5+ 45. Kf1 Qc7 46. Kg2
Qf4 {#R} 0-1

[Event "BCC #9"]
[Site "Boise, ID"]
[Date "2015.08.29"]
[Round "1.3"]
[White "Buus, Jarod N"]
[Black "Zaklan, David"]
[Result "1-0"]
[WhiteElo "1703"]
[BlackElo "1453"]

1. e4 c6 2. d4 d5 3. Nc3 Nf6 4. e5 Nfd7 5. Bd3 e6 6. Nce2 Be7 7. Nf3 O-O 8. c3
b6 9. Qc2 g6 10. Bh6 Re8 11. h4 c5 12. b3 Bf8 13. h5 Bxh6 14. hxg6 Kg7 15.
gxf7 Rh8 16. Ng3 Bg5 17. Rxh7+ Rxh7 18. Bxh7 Nf8 19. Bg8 Nbd7 20. Ke2 Ng6 21.
Nh5+ Kh6 22. Rh1 Ndf8 23. Nf6+ Kg7 24. Nxg5 Nf4+ 25. Kf1 N8g6 26. g3 Kf8 27.
gxf4 Nxf4 28. Ngh7+ Ke7 29. f8=Q+ Qxf8 30. Nxf8 Kxf8 31. Qh7 {#r} 1-0

[Event "BCC #9"]
[Site "Boise, ID"]
[Date "2015.08.29"]
[Round "2.8"]
[White "Zaklan, David"]
[Black "Etulain, Jean Mikel"]
[Result "1-0"]
[WhiteElo "1453"]
[BlackElo "408"]

1. d4 d5 2. c4 dxc4 3. e3 Bf5 4. Bxc4 Bxb1 5. Rxb1 Nf6 6. Qb3 e6 7. Qxb7 Nbd7
8. Nf3 Bd6 9. O-O O-O 10. e4 e5 11. Bg5 Rb8 12. Qxa7 h6 13. Bh4 g5 14. Bg3 g4
15. dxe5 Bxe5 16. Nxe5 Nxe5 17. Bxe5 Nxe4 18. Rfd1 Nd2 19. Qe3 Nxc4 20. Qxh6
f6 21. Rxd8 Rbxd8 22. Bxf6 Rf7 23. Qh8# 1-0

[Event "BCC #9"]
[Site "Boise, ID"]
[Date "2015.08.29"]
[Round "3.6"]
[White "Aderogba, Temiloluwa"]
[Black "Zaklan, David"]
[Result "0-1"]
[WhiteElo "1074"]
[BlackElo "1453"]

1. e4 c6 2. d4 d5 3. Nc3 e6 4. Nf3 Ne7 5. Be2 g6 6. O-O Bg7 7. Be3 O-O 8. e5
c5 9. Qd2 cxd4 10. Bxd4 Nf5 11. Bc5 Re8 12. Rfe1 Nc6 13. Bb5 Bd7 14. h3 b6 15.
Ba3 a6 16. Bxc6 Bxc6 17. Rad1 Rc8 18. b3 b5 19. Ne2 Qc7 20. Bb2 Ba8 21. Rc1
Bh6 22. Nf4 g5 23. Nd3 g4 24. Ng5 gxh3 25. gxh3 Kh8 26. Kh1 Rg8 27. Rg1 Rg7
28. Rg4 Rcg8 29. Rcg1 Qe7 30. f4 d4+ 31. Kh2 Qd7 32. Qe2 Ne3 33. R4g3 Rc8 34.
Rc1 Qd5 35. Bxd4 Rxc2 36. Rxc2 Qh1# 0-1

[Event "BCC #10"]
[Site "Boise, ID"]
[Date "2015.09.26"]
[Round "1.5"]
[White "Zaklan, David"]
[Black "Etulain, Patxi"]
[Result "1-0"]
[WhiteElo "1474"]
[BlackElo "282"]
[EventRounds "4"]
[EventCountry "USA"]

1. d4 d5 2. c4 c5 3. Nf3 Nc6 4. e3 Bg4 5. h3 Bxf3 6. Qxf3 Qa5+ 7. Bd2 Qb6 8.
b3 cxd4 9. Qxd5 Rd8 10. Qf3 dxe3 11. Bxe3 Qa5+ 12. Bd2 Qa6 13. Be2 Nd4 14. Qe4
g5 15. Bxg5 Bg7 16. Nc3 Qb6 17. Rc1 Nxe2 18. Nxe2 Rd2 19. Rc2 Rxc2 20. Qxc2
Nf6 21. Bxf6 Bxf6 22. Nf4 Qc6 23. Nd5 Rg8 24. O-O e6 25. Nxf6+ Kf8 26. Nxg8
Kxg8 27. Rd1 Qb6 28. Qd2 Kg7 29. Qd4+ Qxd4 30. Rxd4 e5 31. Rd7 a6 32. Rxb7 a5
33. c5 e4 34. c6 e3 35. fxe3 h5 36. c7 h4 37. c8=Q a4 38. Qc7 axb3 39. axb3
Kg8 40. Qxf7+ Kh8 41. Qg7# 1-0

[Event "BCC #10"]
[Site "Boise, ID"]
[Date "2015.09.26"]
[Round "3.4"]
[White "Zaklan, David"]
[Black "Liu, James"]
[Result "0-1"]
[WhiteElo "1474"]
[BlackElo "1158"]
[EventRounds "4"]
[EventCountry "USA"]

1. d4 Nf6 2. c4 g6 3. Nf3 Bg7 4. Nbd2 d6 5. b3 O-O 6. Bb2 Nbd7 7. e4 e5 8.
dxe5 Ng4 9. Be2 Ngxe5 10. O-O Nxf3+ 11. Bxf3 Bxb2 12. Rb1 Bg7 13. Qc2 Ne5 14.
Be2 f5 15. f4 Nc6 16. Rfd1 fxe4 17. Qxe4 Bf5 18. Qd5+ Kh8 19. Ne4 Qe7 20. Bf3
Bxe4 21. Bxe4 Rxf4 22. Re1 Be5 23. Rf1 Raf8 24. Bf3 Rh4 25. h3 Rd4 26. Qb5
Rdf4 27. Bxc6 bxc6 28. Qxc6 Bd4+ 29. Kh2 Rxf1 30. Rxf1 Rxf1 31. Qd5 Qe5+ 32.
Qxe5+ Bxe5+ 33. g3 Rf2+ 34. Kg1 Bxg3 35. a4 Kg7 36. h4 Kf6 37. h5 g5 38. h6
Kf5 39. b4 Kf4 40. b5 Kf3 41. a5 Rg2+ 42. Kf1 Bf2 {#R} 0-1

[Event "2015 BCC #11"]
[Site "Boise, ID"]
[Date "2015.10.24"]
[Round "4.4"]
[White "Zaklan, David"]
[Black "Siek, Justin"]
[Result "0-1"]
[WhiteElo "1495"]
[BlackElo "1217"]
[EventRounds "4"]
[EventCountry "USA"]

1. d4 d5 2. c4 c6 3. Nf3 Nf6 4. Nbd2 Bf5 5. e3 e6 6. Nh4 Bg6 7. Nxg6 hxg6 8.
Bd3 Bd6 9. c5 Bc7 10. O-O Rxh2 11. Nf3 Rh7 12. Ne5 Bxe5 13. dxe5 Nfd7 14. f4
Nxc5 15. Bc2 Qh4 16. Qe2 Qh2+ 17. Kf2 Qh4+ 18. Kg1 Nbd7 19. Rf3 Qh1+ 20. Kf2
O-O-O 21. b3 Qh4+ 22. Rg3 Ne4+ 23. Bxe4 dxe4 24. Qg4 Qxg4 25. Rxg4 Rh1 26. Bb2
Rdh8 27. f5 exf5 28. Rg3 Nc5 29. Rxh1 Rxh1 30. Rh3 Rxh3 31. gxh3 Nd3+ 32. Ke2
Nxb2 33. h4 Nd3 34. e6 fxe6 35. a4 Nc1+ 36. Kd2 Nxb3+ 37. Kc3 Na5 38. Kd4 Kd7
39. Ke5 Nc4+ 40. Kf4 Ke7 41. a5 Kf6 42. Kg3 Nxe3 43. Kf2 Nc4 44. Ke2 Nxa5 45.
Ke3 Ke5 46. Kd2 {Very sloppy notation from here to the end on BOTH score
sheets in spite of the fact that the players get a full 30 seconds added to
their clock each move. I think I have the game right from this point forward,
but why didn't Black ever promote the e-pawn? Makes me wonder if this is right
or not. David Zaklan has promised that in the future, he will do a better job
notating his moves.--Jeffrey Roland.} Kd6 47. h5 gxh5 48. Ke2 Kc7 49. Kf1 e3
50. Kg2 h4 51. Kf3 h3 52. Kf4 h2 53. Ke5 h1=Q 54. Kxe6 Qd1 55. Kxf5 c5 56. Kg6
c4 57. Kxg7 c3 58. Kf7 c2 59. Ke6 c1=Q 60. Ke5 Qd7 61. Ke4 Qc5 62. Kf4 Qf8+
63. Ke4 Qfe8+ 64. Kf4 Qdf7+ {#R} 0-1

[Event "ICA Spring Open (Open)"]
[Site "Pocatello, ID"]
[Date "2016.04.23"]
[Round "2.2"]
[White "Zaklan, David"]
[Black "McLaughlin, Edward J"]
[Result "0-1"]
[WhiteElo "1473"]
[BlackElo "1700"]
[EventRounds "4"]
[EventCountry "USA"]

1. d4 Nf6 2. c4 g6 3. Nf3 Bg7 4. Bf4 d5 5. Nc3 O-O 6. e3 c6 7. Be2 dxc4 8.
Bxc4 Nd5 9. Bg3 Be6 10. Bd3 Qa5 11. Qd2 Nd7 12. O-O Nxc3 13. bxc3 c5 14. Rfb1
Nb6 15. Bc7 Rac8 16. Bxb6 axb6 17. Rb2 cxd4 18. cxd4 Bd5 19. Be2 Rc6 20. Qxa5
bxa5 21. h3 Rb8 22. Rb5 Bc4 23. Bxc4 Rxc4 24. Rxa5 b5 25. Nd2 Ra4 26. Rxa4
bxa4 27. Rb1 Rc8 28. Ne4 Rc2 29. Ra1 a3 30. Nc5 Rxc5 31. Rb1 Rc8 32. Rb3 Ra8
33. Kf1 e6 34. Ke2 Bf8 35. Kd3 Rc8 36. Rc3 Rb8 37. Rb3 Rxb3+ 38. axb3 a2 39.
Ke2 a1=Q 40. Kf3 Qd1+ 41. Kg3 Bd6+ 42. f4 Qxb3 43. Kf3 Qd5+ 44. Kf2 g5 45. g3
gxf4 46. gxf4 Qh1 47. Kg3 f5 48. h4 Be7 49. h5 Bh4# 0-1

[Event "Idaho Open"]
[Site "Boise, ID"]
[Date "2016.06.18"]
[Round "3.10"]
[White "Liu, James"]
[Black "Zaklan, David"]
[Result "1-0"]
[WhiteElo "1323"]
[BlackElo "1510"]
[EventRounds "5"]
[EventCountry "USA"]

1. d4 c6 2. c4 d5 3. Bf4 Nf6 4. e3 e6 5. Nc3 Be7 6. Nf3 Nbd7 7. cxd5 cxd5 8.
Bd3 O-O 9. O-O a6 10. Ne5 Nxe5 11. Bxe5 Nd7 12. Qh5 h6 13. f4 f6 14. Ne2 fxe5
15. fxe5 Qe8 16. Rxf8+ Qxf8 17. Qg6 Qd8 18. Qh7+ Kf8 19. Rf1+ Bf6 20. exf6
Nxf6 21. Qh8+ Ke7 22. Qxg7+ Kd6 23. Qxf6 Qxf6 24. Rxf6 h5 25. Rf8 b5 26. Nf4
Ke7 27. Rh8 Bb7 28. Rxa8 Bxa8 29. Nxh5 Bc6 30. g4 Be8 31. Kg2 a5 32. Kf3 b4
33. h4 Kd6 34. Nf4 e5 35. dxe5+ Kxe5 36. g5 d4 37. e4 a4 38. g6 Kf6 39. h5 Kg7
40. e5 Bc6+ 41. Kg4 Bd7+ 42. Kg5 Be8 43. h6+ Kh8 44. g7+ Kg8 45. Kf6 {#r} 1-0

[Event "Idaho Blitz Chess Championship"]
[Site "Boise, ID"]
[Date "2016.07.16"]
[Round "2.1"]
[White "Siek, Justin"]
[Black "Zaklan, David"]
[Result "0-1"]
[WhiteElo "935"]
[BlackElo "1343"]
[EventType "blitz"]
[EventRounds "8"]
[EventCountry "USA"]

1. e4 c6 2. d4 d5 3. Nc3 dxe4 4. Nxe4 Bf5 5. Ng3 Bg6 6. h4 h6 7. Nf3 Nf6 8. h5
Bh7 9. Bd3 e6 10. Bxh7 Nxh7 11. Bd2 Be7 12. Qe2 O-O 13. O-O-O Nd7 14. Ne5 Qc7
15. Nxd7 Qxd7 16. Bc3 Bg5+ 17. Kb1 Rae8 18. Rhf1 Qc7 19. Ne4 e5 20. Bd2 Bxd2
21. Qxd2 Rd8 22. Qc3 Rfe8 23. Ng3 e4 24. Rfe1 Ng5 25. f4 Qxf4 26. Qb3 e3 27.
Ne2 Qg4 28. Nc3 Qxg2 29. Rg1 Qf3 30. Rdf1 Qxh5 31. Rxg5 hxg5 32. Na4 e2 33.
Re1 Qh4 34. Qf3 Qxe1# 0-1

[Event "Idaho Blitz Chess Championship"]
[Site "Boise, ID"]
[Date "2016.07.16"]
[Round "2.2"]
[White "Zaklan, David"]
[Black "Siek, Justin"]
[Result "0-1"]
[WhiteElo "1343"]
[BlackElo "935"]
[EventType "blitz"]
[EventRounds "8"]
[EventCountry "USA"]

1. d4 d5 2. c4 c6 3. Nf3 e6 4. Nc3 Nf6 5. Bf4 Nbd7 6. e3 Qb6 7. Qc2 Bb4 8. c5
Qa5 9. a3 Bxc3+ 10. bxc3 Ne4 11. Rc1 Qxa3 12. Bd3 Qa5 13. Bxe4 dxe4 14. Qxe4
O-O 15. Bd6 Re8 16. O-O f5 17. Qd3 Qd8 18. Rfe1 b6 19. e4 bxc5 20. dxc5 Nxc5
21. Qc4 Nxe4 22. Be5 Qb6 23. Rf1 Ba6 24. Qd4 Qxd4 25. Nxd4 Bxf1 26. Rxf1 Nxc3
27. Nxc6 Rec8 28. Ne7+ Kf7 29. Nxc8 Rxc8 30. Rc1 Ne2+ 31. Kf1 Nxc1 32. g3 Rc5
33. Bf4 Kf6 34. Be3 Rc7 35. h4 h6 36. Ke1 Nd3+ 37. Ke2 Ne5 38. Bf4 g5 39.
hxg5+ hxg5 40. Be3 Rc2+ 41. Kd1 Ra2 42. Ke1 Nd3+ 43. Kf1 Nxf2 44. Bxf2 Rxf2+
45. Kxf2 a5 46. Ke2 Ke5 47. Kd2 Ke4 48. Kc3 Kf3 {And here, White played 49.Ka3
(an illegal move that was not caught by Justin, but was caught by the camera!)
49.. .Kxg3 50.Ka4 Kh2 51.Kxa5 g4 52.Kb4 g3 53.Kc3 g2 54.Kd4 g1Q+ 55.Ke5 Qf1
56.Kxe6 Qe1+ 57.Kxf5 Kg2 58.Kf4 Kf2 59.Kf5 Ke2 60.Ke5 (Time Forfeit).} {#R}
0-1